EHS Law bulletin series (Record no. 1100298)

MARC details
000 -LEADER
fixed length control field 00933nam a2200277Ia 4500
003 - CONTROL NUMBER IDENTIFIER
control field OSt
005 - DATE AND TIME OF LATEST TRANSACTION
control field 20221006153408.0
008 - FIXED-LENGTH DATA ELEMENTS--GENERAL INFORMATION
fixed length control field 221006b |||||||| |||| 00| 0 eng d
037 ## - SOURCE OF ACQUISITION
Terms of availability Textual
040 ## - CATALOGING SOURCE
Original cataloging agency EASL
Transcribing agency EASL
Language of cataloging eng
041 ## - LANGUAGE CODE
Source of code eng
Language code of text/sound track or separate title eng
100 ## - MAIN ENTRY--PERSONAL NAME
Personal name Nakane Fukio
9 (RLIN) 663696
245 #0 - TITLE STATEMENT
Title EHS Law bulletin series
Remainder of title Jappn - Roppo
260 ## - PUBLICATION, DISTRIBUTION, ETC.
Place of publication, distribution, etc. Tokyo
Name of publisher, distributor, etc. Eibun-Horeisha Japan
Date of publication, distribution, etc. 2005
300 ## - PHYSICAL DESCRIPTION
Extent Misc.
Dimensions cm.
490 ## - SERIES STATEMENT
Volume/sequential designation JEL
Series statement EHS Law Bulletin Series
500 ## - GENERAL NOTE
General note Constitution of Japan, November 3, 1946; Civil Code; Commercial Code; Code of Civil Procedure; Penal Code; Code of Criminal Procedure
700 ## - ADDED ENTRY--PERSONAL NAME
Personal name Eibun-Horeisha Tr.
9 (RLIN) 663697
942 ## - ADDED ENTRY ELEMENTS (KOHA)
Classification part Z42, qP5
Koha item type Textual
Source of classification or shelving scheme Colon Classification (CC)
Holdings
Withdrawn status Lost status Source of classification or shelving scheme Damaged status Not for loan Home library Current library Date acquired Source of acquisition Serial Enumeration / chronology Total Checkouts Full call number Barcode Date last seen Price effective from Koha item type
    Colon Classification (CC)     Department of East Asian Studies Library Department of East Asian Studies Library 2022-10-06 Gift, Japan Foundation JEL   Z42 qP5 EA1232973 2022-10-06 2022-10-06 Textual
Copyright @ Delhi University Library System